Responses for show #8282 - Tuesday, November 17, 2020

Andy Wood game 2.

Contestants

[<< previous game]

Holly Bishop, a program director from Shasta, California

Dan Burg, a stay-at-home dad from Santa Rosa, California

Andy Wood, a writer originally from Ann Arbor, Michigan (whose 1-day cash winnings total $26,799)

[next game >>]

Jeopardy! Round responses

HATS AMORE!
U.S. CITY SIGHTS
COLOR FILMS
BLANK "UM"
ELLISON
WONDERLAND
    $200 21
sombrero

Dan
    $200 2
Seattle

Andy
    $200 7
World War II

Andy
    $200 1
aquarium

Dan
    $200 26
Muslim (Islam)

Holly
    $200 14
tarts

Dan
    $400 22
Smokey Bear

Andy
    $400 3
Atlanta

Andy
    $400 8
Black Swan

Andy
    $400 12
a Magnum

Andy
    $400 27
Star Trek

Dan
    $400 15
a watch

Andy
    $600 23
Australia

Dan
    $600 4
Minneapolis

Andy
    $1,800 9
The Green Mile

Andy
    $600 13
(Holly: What is a chrysanthemum?)

a geranium

DanHolly
    $600 28
the McCoys

Holly
    $600 18
Curiouser and curiouser

Triple Stumper
    $800 24
a mortarboard

Andy
    $800 5
San Antonio

Dan
    $800 10
Snow White (and the Seven Dwarfs)

Andy
    $800 16
a pendulum

Andy
    $800 29
(Andy: What is Oahu?)

Hawaii (the Big Island)

Andy
Triple Stumper
    $800 19
a toadstool (a mushroom)

Andy
    $1000 25
a Kangol

Andy
    $1000 6
Pittsburgh

Dan
    $1000 11
Blue Velvet

Andy
    $1000 17
(Dan: What is talcum?)

gypsum

Dan
Triple Stumper
    $1000 30
the Bounty

Andy
    $1000 20
the Cheshire Cat

Holly

Scores at the first commercial break (after clue 15):

Andy Dan Holly
$6,200 $2,800 -$600

Scores at the end of the Jeopardy! Round:

Andy Dan Holly
$10,200 $3,000 $1,200

Double Jeopardy! Round responses

MUSICAL VIENNA
7-LETTER WORDS
EPONYMOUS ELEMENTS
THE 15th CENTURY
AROUND THE GARDEN
THE TV SPIN-OFF'S PARENT SHOW
    $400 22
a waltz

Andy
    $400 14
vibrate

Holly
    $400 10
einsteinium

Andy
    $400 5
Columbus

Andy
    $400 21
dill

Dan
    $400 1
The Good Wife

Holly
    $800 23
The Marriage of Figaro

Dan
    $800 17
wrestle

Dan
    $800 11
(Dan: What is Lawrence?)
(Andy: What is berkelium or [*]?)

Berkeley

AndyDan
    $5,000 6
(Andy: What is renounce?)

recant

Andy
    $800 27
a lattice (trellis)

Andy
    $800 2
Buffy the Vampire Slayer

Holly
    $1200 24
(Andy: What is the Fifth Symphony?)

Fidelio

Andy
Triple Stumper
    $1200 18
sheathe

Andy
    $3,000 12
curium

Andy
    $1200 7
a mosque

Andy
    $1200 28
(Holly: What are carnations?)

blue bells

Holly
Triple Stumper
    $1200 3
Family Guy

Holly
    $1600 25
Die Fledermaus

Andy
    $1600 19
a demigod

Holly
    $1600 13
the Atomic Energy Commission

Dan
    $1600 8
a postal service

Holly
    $1600 4
JAG

Dan
    $2000 26
(Alex: And we have less than a minute now, Andy.)

Franz Schubert

Triple Stumper
    $2000 20
an earache

Holly
    $2000 16
Copernicus

Andy
    $2000 9
Tamerlane (Timur the Lame)

Dan
    $2000 29
[The end-of-round signal sounds.]

mosaic

Andy
    $2000 15
Hercules

Andy

Scores at the end of the Double Jeopardy! Round:

Andy Dan Holly
$19,800 $9,400 $8,000
(lock game)

[wagering suggestions for these scores]

Final Jeopardy! Round responses

FRENCH LITERATURE
HollyWho was Javert
$7,999
DanWho is Joubert?
$0
AndyWho is Javert?
$999
Javert

Final scores:

Andy Dan Holly
$20,799 $9,400 $15,999
2-day champion: $47,598 3rd place: $1,000 2nd place: $2,000

Game dynamics:

Coryat scores:

Andy Dan Holly
$21,800 $9,400 $8,000
28 R
(including 2 DDs),
3 W
(including 1 DD)
14 R,
2 W
10 R,
2 W

Combined Coryat: $39,200

The J! Archive is created by fans, for fans. The Jeopardy! game show and all elements thereof, including but not limited to copyright and trademark thereto, are the property of Jeopardy Productions, Inc. and are protected under law. This website is not affiliated with, sponsored by, or operated by Jeopardy Productions, Inc. Join the discussion at JBoard.tv.